000
00262nam a2200109Ia 4500
008
190906s9999||||xx |||||||||||||| ||und||
100
_a
Barton A. Weitz
245
0
_a
Retailing Management
260
_a
New york
_b
Prentice Hall
_c
2001
300
_a
754
942
_c
BK
999
_c
6016
_d
6016